A sword between the sexes? : (Record no. 6221)
[ view plain ]
| 000 -LEADER | |
|---|---|
| fixed length control field | 01735cam a2200289 a 4500 |
| 001 - CONTROL NUMBER | |
| control field | 424557582 |
| 003 - CONTROL NUMBER IDENTIFIER | |
| control field | OCoLC |
| 005 - DATE AND TIME OF LATEST TRANSACTION | |
| control field | 20190116113600.0 |
| 008 - FIXED-LENGTH DATA ELEMENTS--GENERAL INFORMATION | |
| fixed length control field | 090804s2010 miu b 001 0 eng |
| 010 ## - LIBRARY OF CONGRESS CONTROL NUMBER | |
| LC control number | 2009032091 |
| 020 ## - INTERNATIONAL STANDARD BOOK NUMBER | |
| International Standard Book Number | 9781587432088 (pbk.) |
| 020 ## - INTERNATIONAL STANDARD BOOK NUMBER | |
| International Standard Book Number | 1587432080 (pbk.) |
| 035 ## - SYSTEM CONTROL NUMBER | |
| System control number | (OCoLC)424557582 |
| 040 ## - CATALOGING SOURCE | |
| Original cataloging agency | DLC |
| Transcribing agency | DLC |
| Modifying agency | BTCTA |
| -- | C#P |
| -- | YDXCP |
| -- | BWX |
| -- | CDX |
| -- | IDI |
| -- | ATH |
| 050 00 - LIBRARY OF CONGRESS CALL NUMBER | |
| Classification number | BX4827.L44 |
| Item number | V36 2010 |
| 050 00 - LIBRARY OF CONGRESS CALL NUMBER | |
| Classification number | BX4827.L44 |
| Item number | V36 2010 |
| 082 00 - DEWEY DECIMAL CLASSIFICATION NUMBER | |
| Classification number | 305.3 |
| Edition number | 22 |
| Item number | L487S |
| 100 1# - MAIN ENTRY--PERSONAL NAME | |
| Personal name | Van Leeuwen, Mary Stewart, |
| Dates associated with a name | 1943- |
| 245 12 - TITLE STATEMENT | |
| Title | A sword between the sexes? : |
| Remainder of title | C.S. Lewis and the gender debates / |
| Statement of responsibility, etc. | Mary Stewart Van Leeuwen. |
| 260 ## - PUBLICATION, DISTRIBUTION, ETC. | |
| Place of publication, distribution, etc. | Grand Rapids, Mich. : |
| Name of publisher, distributor, etc. | Brazos Press, |
| Date of publication, distribution, etc. | c2010. |
| 300 ## - PHYSICAL DESCRIPTION | |
| Extent | 264 p. ; |
| Dimensions | 23 cm. |
| 504 ## - BIBLIOGRAPHY, ETC. NOTE | |
| Bibliography, etc. note | Includes bibliographical references and index. |
| 505 0# - FORMATTED CONTENTS NOTE | |
| Formatted contents note | Introduction -- Surprised by Jack : an ambivalent journey -- A more fundamental reality than sex? C.S. Lewis's views on gender -- "Mere" Christianity : sources and results of Lewis's views on gender -- "Not the only fundamental difference" : the Edwardian world of C.S. Lewis and Dorothy L. Sayers -- A better man than his theories : C.S. Lewis as a mentor and colleague to women -- "You can only get to know them" : C.S. Lewis and the social sciences -- Men are from earth, women are from earth : the psychology of gender since C.S. Lewis -- "Nature speaks chiefly in answer to our questions" : C.S. Lewis and some neglected issues in the psychology of gender -- "True to the kind of things we are" : C.S. Lewis and family life -- "Suppressed by Jack" : the two sides of C.S. Lewis. |
| 600 10 - SUBJECT ADDED ENTRY--PERSONAL NAME | |
| Personal name | Lewis, C. S. |
| Fuller form of name | (Clive Staples), |
| Dates associated with a name | 1898-1963. |
| 650 #0 - SUBJECT ADDED ENTRY--TOPICAL TERM | |
| Topical term or geographic name entry element | Sex role |
| General subdivision | Religious aspects |
| -- | Christianity. |
| 942 ## - ADDED ENTRY ELEMENTS (KOHA) | |
| Source of classification or shelving scheme | Dewey Decimal Classification |
| Koha item type | Books |
No items available.
